000 00496nam a22001817a 4500
005 20210426082406.0
008 210211s1958 ||||| |||| 00| 0 eng d
040 _aeng
_cDLC
041 _aeng
080 _a94
_bS-68
100 _9840
_aSmith, Aura. Robert
245 _aPhilippine Freedom 1946-1958
_c/ by: Columbia University Press
260 _aNew York
_bColumbia University Press
_c1958
300 _a374 p.
650 0 _9252
_aHistory
653 _aისტორია
942 _2udc
_cBK
999 _c1354
_d1354